zpět

Detail výsledku týmu

Forrum, Brno

Datum a čas kvízu

36 Celkem bodů Celkový počet nahraných bodů na tomto kvízu bez doplňovacích otázek.
3. Pořadí na kvízu Konečné umístění týmu na tomto kvízu.

Zaznamenané odpovědi

# Otázka Odpověď Body Výsledky
1. Premiér Fiala na středeční tis... F-35 (Lockheed Martin F-35 Lightning) 1
2. Minulou sobotu, půl hodiny po... Jennifer Lopez, Ben Affleck 1
3. Jedna velmi populární 58letá h... Brad Pitt 0
4. České republice se ve spoluprá... Nizozemska 1
5. Bývalý kanonýr a hvězda Bayern... Robert Lewandowski 1
6. Poslední filmové představení j... Jeff Bridges, Big Lebowski 0
7. U snímku Poslední filmové před... Dawsonův svět (Dawson’s Creek) 0
8. Nejvíce reprízovanou inscenací... Dana Medřická 1
9. Dne 1. května roku 1786 proběh... Figarova svatba, Wolfgang Amadeus Mozart 1
10. Nyní vám pustíme ukázku z pořa... Všecko vylejt 0